| 000 | 00516nam a2200169 a 4500 | ||
|---|---|---|---|
| 005 | 20140412111248.0 | ||
| 008 | 001020s19uu xx 00 eng d | ||
| 020 | _a0-590-42057-7 | ||
| 050 |
_aTR(PS E _bSe82 1990 |
||
| 100 | _aMahy, Margaret | ||
| 245 |
_aSeven chinese brothers (The) / _cMargaret Mahy; illustrated by Jean and Mou-Sien Tseng. |
||
| 260 |
_aNew York : _bScholastic Inc, _c1990. |
||
| 300 | _a1 v. (unp.) ; ill. | ||
| 650 | _aChinese Tale-Fiction | ||
| 650 | _aBrothers-Fiction | ||
| 999 |
_c103006 _d103006 |
||